000 01107nam a2200289 a 4500
001
003 DO-SdBNP
005 20221116125906.0
008 100212s2003 dr a 000 0 spa d
020 _a9993473227
040 _aDO-SdBNP
_bspa
_cBPMSU
082 _aR928.03
_bG377d, 2003
_222
100 1 _aGerón, Cándido,
_d1950-
245 1 0 _aDiccionario de autores dominicanos 1492-2003 /
_cCándido Gerón ; prólogo Joaquín Balaguer ; fotografías de Hugo Méndez Hernández
250 _a4a ed. aum., actualizada y corr.
260 _aSanto Domingo :
_bEditora de Colores,
_c2003.
300 _a297 p. :
_bil., retrs. ;
_c31 cm.
500 _aIncluye datos biográficos del autor en la solapa de la cubierta
504 _aIncluye referencias bibliográficas e índice de autores.
590 _6Inventariado, 2022/VM
650 4 _aAutores dominicanos
_vDiccionarios
_vBiografías
651 1 4 _aRepública Dominicana
_xBiografías
_xDiccionarios
700 1 _aBalaguer, Joaquín
_ePról.
700 1 _a Méndez Hernández, Hugo
_efotografías
910 _aVMateo V./Validado
942 _2ddc
_cBK
999 _c14333
_d14333